[Event "AUT-ch"]
[Site "Frohnleiten"]
[Date "2000.??.??"]
[Round "6.9"]
[White "Moser, Eva"]
[Black "Schroll, Gerhard"]
[Result "0-1"]
[WhiteElo "2332"]
[BlackElo "2418"]
[PlyCount "96"]
[EventDate "2000.08.05"]
[EventType "swiss"]
[EventRounds "9"]
[EventCountry "AUT"]
[SourceTitle "CBM 077 Extra"]
[Source "ChessBase"]
[SourceDate "2000.09.14"]
[SourceVersion "1"]
[SourceVersionDate "2000.09.14"]
[SourceQuality "1"]

1. e4 Nf6 2. d3 d5 3. Nd2 e5 4. Ngf3 Nc6 5. Be2 Bc5 6. O-O O-O 7. c3 a5 8. Qc2
Bg4 9. h3 Bh5 10. exd5 Qxd5 11. Ne4 Nxe4 12. dxe4 Qd6 13. Nh4 Bxe2 14. Qxe2 Ne7
15. Qg4 Kh8 16. Bg5 f6 17. Rad1 Qb6 18. Bc1 Rad8 19. Rd7 Rxd7 20. Qxd7 c6 21.
Kh2 Rd8 22. Qe6 Qc7 23. Be3 Bxe3 24. fxe3 Qd7 25. Qf7 Ng8 26. Qh5 Nh6 27. Rf3
Qf7 28. Qxf7 Nxf7 29. Rf1 Ng5 30. b4 a4 31. c4 Nxe4 32. Nf5 g6 33. Ng3 Nxg3 34.
Kxg3 f5 35. Rf2 Rd3 36. Kf3 Kg7 37. g3 Kf6 38. Rc2 g5 39. Ke2 e4 40. Rc1 Ke5
41. h4 gxh4 42. gxh4 Ra3 43. Rc2 f4 44. exf4+ Kxf4 45. Rd2 h5 46. b5 Rd3 47.
Rc2 Rh3 48. Kf1 Rxh4 0-1

[Event "Oberwart op"]
[Site "Oberwart"]
[Date "2000.??.??"]
[Round "6"]
[White "Werndl, Erich"]
[Black "Moser, Eva"]
[Result "0-1"]
[WhiteElo "2165"]
[BlackElo "2272"]
[PlyCount "82"]
[EventDate "2000.??.??"]
[EventType "swiss"]
[EventRounds "9"]
[EventCountry "AUT"]
[SourceTitle "EXT 2001"]
[Source "ChessBase"]
[SourceDate "2000.11.22"]
[SourceVersion "1"]
[SourceVersionDate "2000.11.22"]
[SourceQuality "1"]

1. e4 b6 2. d4 Bb7 3. Nc3 e6 4. Bd3 Nf6 5. Nf3 Bb4 6. Qe2 d5 7. e5 Ne4 8. O-O
Nxc3 9. bxc3 Bxc3 10. Rb1 Nc6 11. Be3 Qd7 12. Rb3 Ba5 13. c4 Nb4 14. c5 Nxd3
15. Qxd3 Qc8 16. Rc1 Ba6 17. Qd1 Qd7 18. Bd2 Qa4 19. Bxa5 Qxa5 20. Ng5 h6 21.
Nxf7 Kxf7 22. Qh5+ Ke7 23. Qg6 Rhf8 24. cxb6 Bc4 25. Qxg7+ Rf7 26. Qxh6 axb6
27. Rg3 Qxa2 28. Rg7 Qxf2+ 29. Kh1 Raf8 30. Ra1 Rxg7 31. Qxg7+ Rf7 32. Qg5+ Kd7
33. h3 b5 34. Qg8 Rf8 35. Qh7+ Qf7 36. Qc2 Rg8 37. Ra7 Qf1+ 38. Kh2 Qf4+ 39.
Kh1 Qe4 40. Qf2 Qb1+ 41. Kh2 Qg6 0-1

[Event "Dresden (Women)"]
[Site "Dresden"]
[Date "2000.??.??"]
[Round "6"]
[White "Moser, Eva"]
[Black "Krupkova, Petra"]
[Result "1/2-1/2"]
[WhiteElo "2330"]
[BlackElo "2315"]
[PlyCount "48"]
[EventDate "2000.07.20"]
[EventType "tourn"]
[EventRounds "9"]
[EventCountry "GER"]
[SourceTitle "CBM 077 Extra"]
[Source "ChessBase"]
[SourceDate "2000.09.14"]
[SourceVersion "1"]
[SourceVersionDate "2000.09.14"]
[SourceQuality "1"]

1. e3 e5 2. b3 d5 3. Bb2 Nd7 4. c4 c6 5. cxd5 cxd5 6. Nf3 e4 7. Nd4 Ngf6 8. Be2
Bc5 9. O-O O-O 10. f4 exf3 11. gxf3 Re8 12. Kh1 Bf8 13. Rg1 g6 14. Na3 Ne5 15.
Qe1 Bg7 16. Rc1 a6 17. Qg3 Bd7 18. Nac2 Rc8 19. Nb4 Qb6 20. Nd3 Nxd3 21. Bxd3
Nh5 22. Qg5 Rxc1 23. Rxc1 Qd6 24. Rg1 Qe5 1/2-1/2

[Event "AUT-ch"]
[Site "Frohnleiten"]
[Date "2000.??.??"]
[Round "5.6"]
[White "Mahdy, Khaled"]
[Black "Moser, Eva"]
[Result "1/2-1/2"]
[WhiteElo "2359"]
[BlackElo "2313"]
[PlyCount "41"]
[EventDate "2000.08.05"]
[EventType "swiss"]
[EventRounds "9"]
[EventCountry "AUT"]
[SourceTitle "CBM 077 Extra"]
[Source "ChessBase"]
[SourceDate "2000.09.14"]
[SourceVersion "1"]
[SourceVersionDate "2000.09.14"]
[SourceQuality "1"]

1. e4 d6 2. d4 Nf6 3. Nc3 e5 4. Nf3 exd4 5. Qxd4 Be7 6. Bf4 O-O 7. O-O-O Nc6 8.
Qd2 a6 9. Bd3 Nb4 10. Nd5 Nbxd5 11. exd5 c6 12. dxc6 bxc6 13. Rhe1 Nd5 14. Bg5
Rb8 15. Bxe7 Nxe7 16. Qg5 f6 17. Qe3 Re8 18. Nd4 Bd7 19. Qg3 Qb6 20. b3 Qb4 21.
Re4 1/2-1/2

[Event "Dresden (Women)"]
[Site "Dresden"]
[Date "2000.??.??"]
[Round "5"]
[White "Schmidt, Jessica"]
[Black "Moser, Eva"]
[Result "1/2-1/2"]
[WhiteElo "2179"]
[BlackElo "2330"]
[PlyCount "99"]
[EventDate "2000.07.20"]
[EventType "tourn"]
[EventRounds "9"]
[EventCountry "GER"]
[SourceTitle "CBM 077 Extra"]
[Source "ChessBase"]
[SourceDate "2000.09.14"]
[SourceVersion "1"]
[SourceVersionDate "2000.09.14"]
[SourceQuality "1"]

1. d4 e6 2. Nf3 f5 3. g3 Nf6 4. Bg2 Be7 5. O-O O-O 6. c4 d6 7. Nc3 Qe8 8. Qc2
Qh5 9. b4 Nc6 10. b5 Nd8 11. a4 Nf7 12. a5 Rb8 13. Ne1 e5 14. Nd5 Bd8 15. dxe5
dxe5 16. Nd3 f4 17. f3 fxg3 18. hxg3 Qg6 19. g4 h5 20. Nxf6+ Bxf6 21. gxh5 Qxh5
22. Nf2 Bh4 23. Ne4 Nd6 24. Ba3 Bf5 25. Bxd6 cxd6 26. Qd2 Rbd8 27. Ra3 Qg6 28.
Rd3 Be7 29. Rb3 Bh3 30. e3 Be6 31. Qe2 d5 32. cxd5 Bxd5 33. Rc3 Rd7 34. Rc2 Bh4
35. Nc5 Rdd8 36. e4 Bf7 37. Nxb7 Rb8 38. Rc7 Bg3 39. Rd1 Rbc8 40. Rxc8 Rxc8 41.
Nd6 Rb8 42. Nxf7 Qxf7 43. Qd3 Qc7 44. Qd5+ Kh8 45. Qd7 Qc5+ 46. Kh1 Bf2 47.
Qh3+ Kg8 48. Qe6+ Kh8 49. Qh3+ Kg8 50. Qe6+ 1/2-1/2

[Event "Oberwart op"]
[Site "Oberwart"]
[Date "2000.??.??"]
[Round "5"]
[White "Moser, Eva"]
[Black "Wais, Michael"]
[Result "1-0"]
[WhiteElo "2272"]
[BlackElo "2046"]
[PlyCount "75"]
[EventDate "2000.??.??"]
[EventType "swiss"]
[EventRounds "9"]
[EventCountry "AUT"]
[SourceTitle "EXT 2001"]
[Source "ChessBase"]
[SourceDate "2000.11.22"]
[SourceVersion "1"]
[SourceVersionDate "2000.11.22"]
[SourceQuality "1"]

1. g3 g6 2. Bg2 Bg7 3. e4 c5 4. d3 Nc6 5. f4 e6 6. Nf3 d6 7. O-O Nge7 8. c3 O-O
9. Be3 b6 10. Na3 Bb7 11. Qe1 Qd7 12. Rd1 Rad8 13. d4 Qc8 14. Qf2 Na5 15. Nd2
Qa8 16. b4 cxb4 17. cxb4 Nac6 18. Rb1 d5 19. e5 a5 20. b5 Nb4 21. Nf3 Rc8 22.
Qd2 Rc7 23. Rb2 Rfc8 24. Ne1 Nf5 25. Bf2 Rc1 26. g4 Nh6 27. h3 Bf8 28. Be3 Nd3
29. Nxd3 Rxf1+ 30. Bxf1 Bxa3 31. Rb3 Be7 32. f5 a4 33. Rb1 Nxf5 34. gxf5 gxf5
35. Bg5 f6 36. exf6 Bd6 37. Bf4 Qb8 38. Qg2+ 1-0

[Event "AUT-ch"]
[Site "Frohnleiten"]
[Date "2000.??.??"]
[Round "4.3"]
[White "Moser, Eva"]
[Black "Baumegger, Siegfried"]
[Result "1/2-1/2"]
[WhiteElo "2332"]
[BlackElo "2391"]
[PlyCount "74"]
[EventDate "2000.08.05"]
[EventType "swiss"]
[EventRounds "9"]
[EventCountry "AUT"]
[SourceTitle "CBM 077 Extra"]
[Source "ChessBase"]
[SourceDate "2000.09.14"]
[SourceVersion "1"]
[SourceVersionDate "2000.09.14"]
[SourceQuality "1"]

1. e3 g6 2. f4 Bg7 3. Nf3 d6 4. d4 Nd7 5. Bc4 Ngf6 6. Bxf7+ Kxf7 7. Ng5+ Kg8 8.
Ne6 Qe8 9. Nxc7 Qd8 10. Nxa8 Ne4 11. Qd3 d5 12. Qa3 e5 13. O-O exd4 14. Qxa7
Ndc5 15. c3 d3 16. Nb6 Bg4 17. Na4 Bf8 18. Nxc5 Bxc5 19. Qa4 Be2 20. Re1 Qh4
21. Qe8+ Kg7 22. Qe5+ Kh6 23. g3 Qd8 24. c4 Re8 25. Qxd5 Qb6 26. Kg2 Bxe3 27.
Nc3 Nxc3 28. bxc3 Bxc1 29. Raxc1 Qe3 30. Rcd1 Re4 31. Kh3 d2 32. Qd8 Rxf4 33.
Qxd2 Bg4+ 34. Kg2 Bf3+ 35. Kh3 Bg4+ 36. Kg2 Bf3+ 37. Kh3 Bg4+ 1/2-1/2

[Event "Dresden (Women)"]
[Site "Dresden"]
[Date "2000.??.??"]
[Round "4"]
[White "Moser, Eva"]
[Black "Vasilevich, Tatjana"]
[Result "1-0"]
[WhiteElo "2330"]
[BlackElo "2425"]
[PlyCount "83"]
[EventDate "2000.07.20"]
[EventType "tourn"]
[EventRounds "9"]
[EventCountry "GER"]
[SourceTitle "CBM 077 Extra"]
[Source "ChessBase"]
[SourceDate "2000.09.14"]
[SourceVersion "1"]
[SourceVersionDate "2000.09.14"]
[SourceQuality "1"]

1. g3 d5 2. Bg2 Nf6 3. f4 g6 4. Nf3 Bg7 5. O-O O-O 6. d3 b5 7. Nbd2 Bb7 8. Nb3
Qd6 9. Qe1 a5 10. Be3 a4 11. Bc5 Qa6 12. Nc1 Nfd7 13. Bd4 f6 14. e4 c5 15. Bf2
d4 16. g4 Nc6 17. h4 h6 18. Bh3 Rad8 19. Bg3 e5 20. Ne2 c4 21. g5 fxg5 22. hxg5
cxd3 23. cxd3 Nc5 24. Qd2 exf4 25. Nxf4 Ne5 26. gxh6 Nxf3+ 27. Rxf3 Bxh6 28.
Qc2 Qb6 29. Raf1 Kh7 30. Qh2 Nxe4 31. dxe4 Bxe4 32. R3f2 Rde8 33. Bg4 d3 34.
Ng2 d2 35. Kh1 Bf5 36. Bd1 Kg7 37. Be5+ Kh7 38. Bf4 g5 39. Bxd2 Qg6 40. Bh5 Qe6
41. Bxe8 Rxe8 42. Rxf5 1-0

[Event "AUT-ch"]
[Site "Frohnleiten"]
[Date "2000.??.??"]
[Round "3.3"]
[White "Neubauer, Martin"]
[Black "Moser, Eva"]
[Result "1/2-1/2"]
[WhiteElo "2369"]
[BlackElo "2332"]
[PlyCount "21"]
[EventDate "2000.08.05"]
[EventType "swiss"]
[EventRounds "9"]
[EventCountry "AUT"]
[SourceTitle "CBM 077 Extra"]
[Source "ChessBase"]
[SourceDate "2000.09.14"]
[SourceVersion "1"]
[SourceVersionDate "2000.09.14"]
[SourceQuality "1"]

1. e4 d6 2. d4 Nf6 3. Nc3 e5 4. Nf3 exd4 5. Nxd4 Be7 6. Bf4 O-O 7. Qd2 c6 8.
O-O-O b5 9. f3 b4 10. Nce2 c5 11. Nf5 1/2-1/2

[Event "Dresden (Women)"]
[Site "Dresden"]
[Date "2000.??.??"]
[Round "3"]
[White "Moser, Eva"]
[Black "Olbrich, Marina"]
[Result "1-0"]
[WhiteElo "2330"]
[BlackElo "2295"]
[PlyCount "81"]
[EventDate "2000.07.20"]
[EventType "tourn"]
[EventRounds "9"]
[EventCountry "GER"]
[SourceTitle "CBM 077 Extra"]
[Source "ChessBase"]
[SourceDate "2000.09.14"]
[SourceVersion "1"]
[SourceVersionDate "2000.09.14"]
[SourceQuality "1"]

1. e3 d5 2. f4 g6 3. Nf3 Bg7 4. Be2 c5 5. O-O Nc6 6. d3 Nh6 7. e4 dxe4 8. dxe4
Qxd1 9. Bxd1 b6 10. c3 Ba6 11. Re1 e5 12. Na3 O-O-O 13. Ba4 Kb7 14. fxe5 Ng4
15. e6 fxe6 16. Ng5 Rhe8 17. Bb3 Nd4 18. Bd1 Ne5 19. cxd4 Nd3 20. Re3 Nxc1 21.
Rxc1 Bxd4 22. Nc2 Bxe3+ 23. Nxe3 Rd2 24. Bc2 Re2 25. Nf1 h6 26. Nf3 g5 27. Ng3
g4 28. Nxe2 gxf3 29. Ng3 Rf8 30. gxf3 Rxf3 31. Kg2 Rf4 32. Rd1 Kc6 33. Rd2 Rg4
34. Rf2 Rg7 35. Kf3 Bb7 36. Ke3 Kd6 37. Rf6 Rc7 38. Rxh6 b5 39. h4 a5 40. h5
Ke5 41. Rg6 1-0

[Event "AUT-ch"]
[Site "Frohnleiten"]
[Date "2000.??.??"]
[Round "2.12"]
[White "Moser, Eva"]
[Black "Nickl, Klaus"]
[Result "1-0"]
[WhiteElo "2332"]
[BlackElo "2257"]
[PlyCount "69"]
[EventDate "2000.08.05"]
[EventType "swiss"]
[EventRounds "9"]
[EventCountry "AUT"]
[SourceTitle "CBM 077 Extra"]
[Source "ChessBase"]
[SourceDate "2000.09.14"]
[SourceVersion "1"]
[SourceVersionDate "2000.09.14"]
[SourceQuality "1"]

1. g3 d5 2. Bg2 c6 3. d3 e5 4. Nf3 Bd6 5. e4 dxe4 6. dxe4 Nf6 7. Nbd2 O-O 8.
O-O Nbd7 9. Qe2 Nb6 10. a4 a5 11. Rd1 Qc7 12. Nf1 Bc5 13. h3 Be6 14. b3 Rfd8
15. Bb2 Nbd7 16. N1d2 Re8 17. Ng5 h6 18. Nxe6 Rxe6 19. Nc4 b5 20. Ne3 bxa4 21.
Rxa4 Nb6 22. Ra2 a4 23. bxa4 Rxa4 24. Rxa4 Nxa4 25. Ba1 Re8 26. Kh1 Qa7 27. Nf5
Bxf2 28. Rf1 Bd4 29. Bxd4 exd4 30. Nxh6+ gxh6 31. Rxf6 Qc5 32. Rxh6 Nc3 33.
Qg4+ Kf8 34. Qh4 Re6 35. Qd8+ 1-0

[Event "Dresden (Women)"]
[Site "Dresden"]
[Date "2000.??.??"]
[Round "2"]
[White "Heymann, Ulrike"]
[Black "Moser, Eva"]
[Result "0-1"]
[WhiteElo "2210"]
[BlackElo "2330"]
[PlyCount "132"]
[EventDate "2000.07.20"]
[EventType "tourn"]
[EventRounds "9"]
[EventCountry "GER"]
[SourceTitle "CBM 077 Extra"]
[Source "ChessBase"]
[SourceDate "2000.09.14"]
[SourceVersion "1"]
[SourceVersionDate "2000.09.14"]
[SourceQuality "1"]

1. e4 d6 2. d4 Nf6 3. Nc3 e5 4. dxe5 dxe5 5. Qxd8+ Kxd8 6. Bc4 Be6 7. Bxe6 fxe6
8. Bg5 Bd6 9. O-O-O Ke7 10. h4 h6 11. Bxf6+ gxf6 12. h5 Rg8 13. g3 Bc5 14. Rd2
Na6 15. Nf3 Rad8 16. Rxd8 Rxd8 17. Nd1 Nb4 18. a3 Nc6 19. Rh4 f5 20. c3 b5 21.
Nd2 Kf7 22. Kc2 a5 23. a4 Be7 24. Rh1 bxa4 25. Ne3 Kf6 26. exf5 exf5 27. g4
fxg4 28. Ne4+ Ke6 29. Nxg4 Bf8 30. Ne3 a3 31. bxa3 Bxa3 32. Rg1 Ne7 33. Nc4 Bd6
34. Nxa5 Rf8 35. Nc4 Rf4 36. Kd3 Rf5 37. Rh1 Nd5 38. Ne3 Nf4+ 39. Kd2 Rxh5 40.
Rxh5 Nxh5 41. Nxd6 cxd6 42. Ng4 Nf6 43. Nxh6 Ne4+ 44. Ke3 Nxc3 45. Ng4 Nd5+ 46.
Kf3 Nf6 47. Ne3 d5 48. Ke2 d4 49. Nf1 Kd5 50. Nd2 Ne4 51. Nf1 Nc3+ 52. Kd3 e4+
53. Kd2 Ke5 54. Ke1 Kf4 55. Nd2 Ke5 56. Nf1 Nb1 57. Kd1 Kf4 58. Kc2 Kf3 59. Ng3
Na3+ 60. Kd1 d3 61. Ke1 Nc4 62. Ne2 d2+ 63. Kd1 Kxf2 64. Nc3 e3 65. Ne4+ Kf3
66. Nc3 Nb2+ 0-1

[Event "AUT-chT 0001"]
[Site "Austria"]
[Date "2000.??.??"]
[Round "2"]
[White "Frosch, Erich"]
[Black "Moser, Eva"]
[Result "0-1"]
[WhiteElo "2314"]
[BlackElo "2272"]
[PlyCount "118"]
[EventDate "2000.10.??"]
[EventType "team-tourn"]
[EventRounds "11"]
[EventCountry "AUT"]
[SourceTitle "EXT 2001"]
[Source "ChessBase"]
[SourceDate "2000.11.22"]
[SourceVersion "1"]
[SourceVersionDate "2000.11.22"]
[SourceQuality "1"]

1. d4 e6 2. c4 f5 3. g3 Nf6 4. Bg2 Be7 5. Nc3 O-O 6. Nh3 d6 7. O-O e5 8. c5 Nc6
9. cxd6 cxd6 10. dxe5 dxe5 11. Qb3+ Kh8 12. Ng5 Nd4 13. Qc4 Rb8 14. a4 h6 15.
Nf7+ Rxf7 16. Qxf7 Be6 17. Qg6 Qf8 18. e3 Bf7 19. Qxf7 Ne2+ 20. Nxe2 Qxf7 21.
Bd2 Qc4 22. Rfe1 Ne4 23. Bc3 Bf6 24. h4 Nc5 25. Bf1 Qg4 26. Kg2 Re8 27. f3 Qg6
28. Kh2 Qh5 29. Ng1 g5 30. Bh3 g4 31. fxg4 fxg4 32. Bf1 Bxh4 33. gxh4 Qxh4+ 34.
Kg2 Ne4 35. Re2 Qg3+ 36. Kh1 Nf2+ 37. Rxf2 Qxf2 38. Bb5 Re7 39. Rf1 Qh4+ 40.
Kg2 Qg5 41. e4 Qe3 42. Re1 Qf4 43. Re2 Rf7 44. Bc4 Rf6 45. Be1 g3 46. Bc3 Qf1+
47. Kh1 Rf2 48. Bxe5+ Kh7 49. Rxf2 Qxf2 50. Bxg3 Qxg3 51. Bd5 b6 52. b4 Kg7 53.
a5 bxa5 54. bxa5 Kf6 55. a6 Ke5 56. Bb7 h5 57. Bc8 Kxe4 58. Bb7+ Ke3 59. Bg2
Qg6 0-1

[Event "AUT-chT 0001"]
[Site "Austria"]
[Date "2000.??.??"]
[Round "1"]
[White "Moser, Eva"]
[Black "Roth, Peter"]
[Result "1/2-1/2"]
[WhiteElo "2272"]
[BlackElo "2305"]
[PlyCount "57"]
[EventDate "2000.10.??"]
[EventType "team-tourn"]
[EventRounds "11"]
[EventCountry "AUT"]
[SourceTitle "EXT 2001"]
[Source "ChessBase"]
[SourceDate "2000.11.22"]
[SourceVersion "1"]
[SourceVersionDate "2000.11.22"]
[SourceQuality "1"]

1. g3 h5 2. Nf3 d6 3. d4 Bg4 4. Nbd2 Qc8 5. h3 Bd7 6. e4 g6 7. Bg2 Nc6 8. Nc4
Bg7 9. Be3 e6 10. Qd2 d5 11. exd5 exd5 12. Nce5 Nxe5 13. Nxe5 Be6 14. O-O-O Ne7
15. Rde1 Bxe5 16. dxe5 Qd7 17. Bg5 O-O-O 18. Rd1 Rhe8 19. Qb4 Kb8 20. c4 c6 21.
Qd6+ Ka8 22. Qxd7 Rxd7 23. Bxe7 Rexe7 24. cxd5 Bxd5 25. Bxd5 cxd5 26. f4 b6 27.
Rd3 Kb7 28. Kd2 Re6 29. h4 1/2-1/2

[Event "Dresden (Women)"]
[Site "Dresden"]
[Date "2000.??.??"]
[Round "1"]
[White "Moser, Eva"]
[Black "Helm, Leonie"]
[Result "1-0"]
[WhiteElo "2330"]
[BlackElo "2120"]
[PlyCount "93"]
[EventDate "2000.07.20"]
[EventType "tourn"]
[EventRounds "9"]
[EventCountry "GER"]
[SourceTitle "CBM 077 Extra"]
[Source "ChessBase"]
[SourceDate "2000.09.14"]
[SourceVersion "1"]
[SourceVersionDate "2000.09.14"]
[SourceQuality "1"]

1. g3 g6 2. Bg2 Bg7 3. e4 c5 4. d3 Nc6 5. f4 e6 6. Nf3 Nge7 7. O-O O-O 8. c3 d5
9. e5 Nf5 10. Na3 Rb8 11. g4 Nh4 12. Nxh4 Qxh4 13. g5 Nxe5 14. fxe5 Bxe5 15. h3
Qg3 16. Qf3 Qh2+ 17. Kf2 f6 18. Rh1 fxg5 19. Rxh2 Rxf3+ 20. Bxf3 Bxh2 21. Bxg5
b5 22. Nc2 b4 23. cxb4 cxb4 24. Nd4 Bd6 25. Rc1 Bd7 26. Kg2 Kg7 27. Bg4 h6 28.
Bh4 Re8 29. Bg3 Bxg3 30. Kxg3 Kf6 31. Rc7 Bc8 32. Rxa7 h5 33. Be2 e5 34. Nc2
h4+ 35. Kg2 e4 36. d4 e3 37. Nxb4 Be6 38. Rc7 Kg5 39. Nd3 Bf5 40. Ne5 Ra8 41.
a3 Rb8 42. b4 Ra8 43. Rc3 Kf4 44. b5 Ra4 45. Nc6 Be4+ 46. Kg1 Bf3 47. b6 1-0

[Event "Oberwart op"]
[Site "Oberwart"]
[Date "2000.??.??"]
[Round "1"]
[White "Rieke, Theo"]
[Black "Moser, Eva"]
[Result "1-0"]
[WhiteElo "2218"]
[BlackElo "2272"]
[PlyCount "87"]
[EventDate "2000.??.??"]
[EventType "swiss"]
[EventRounds "9"]
[EventCountry "AUT"]
[SourceTitle "EXT 2001"]
[Source "ChessBase"]
[SourceDate "2000.11.22"]
[SourceVersion "1"]
[SourceVersionDate "2000.11.22"]
[SourceQuality "1"]

1. Nf3 e6 2. g3 f5 3. Bg2 Nf6 4. O-O Be7 5. b3 O-O 6. Bb2 a5 7. c4 Na6 8. Nc3
d6 9. d4 Qe8 10. Re1 Qg6 11. e4 Nxe4 12. Nxe4 fxe4 13. Rxe4 Nb4 14. Qe2 Qh5 15.
a3 Na6 16. Nd2 Qxe2 17. Rxe2 c6 18. Rae1 Rb8 19. Bc3 Bd8 20. Bh3 Nc7 21. Bxa5
b6 22. Bc3 Kf7 23. a4 Re8 24. b4 b5 25. Bg2 Bd7 26. axb5 cxb5 27. c5 Nd5 28.
Ne4 Nxc3 29. Nxc3 d5 30. Ra2 Bf6 31. Ra7 Re7 32. Ne2 Bc8 33. Rea1 Bb7 34. R1a5
Bc6 35. Rxe7+ Kxe7 36. Ra7+ Ke8 37. Nf4 Bxd4 38. Nxe6 Bc3 39. Bxd5 Bd7 40. c6
Bxe6 41. Bxe6 Bd4 42. Rd7 Bf6 43. Rf7 Be5 44. f4 1-0

[Event "Donau op-A 08th"]
[Site "Aschach"]
[Date "1999.12.30"]
[Round "7"]
[White "Moser, Eva"]
[Black "Jurek, Josef"]
[Result "0-1"]
[WhiteElo "2223"]
[BlackElo "2336"]
[PlyCount "60"]
[EventDate "1999.12.26"]
[EventType "swiss"]
[EventRounds "7"]
[EventCountry "AUT"]
[SourceTitle "CBM 073 Extra"]
[Source "ChessBase"]
[SourceDate "2000.01.11"]
[SourceVersion "1"]
[SourceVersionDate "2000.01.11"]
[SourceQuality "1"]

1. e4 e6 2. d4 d5 3. Nc3 Bb4 4. a3 Bxc3+ 5. bxc3 dxe4 6. f3 c5 7. Qd2 Nf6 8.
Bb2 Nbd7 9. O-O-O O-O 10. Qe1 Qc7 11. Nh3 e3 12. Qxe3 Nd5 13. Qe4 c4 14. Re1 b5
15. Ng5 N7f6 16. Qh4 a5 17. Ne4 b4 18. Qg3 Qc6 19. Qd6 Qxd6 20. Nxd6 bxc3 21.
Ba1 Ba6 22. Bxc4 Bxc4 23. Nxc4 Rab8 24. g3 a4 25. Kd1 Rfc8 26. Ne5 Ne3+ 27. Kc1
Nfd5 28. Re2 Rb7 29. Rhe1 Nf5 30. Re4 Rcb8 0-1

[Event "Donau op-A 08th"]
[Site "Aschach"]
[Date "1999.12.29"]
[Round "6"]
[White "Kiss, Attila"]
[Black "Moser, Eva"]
[Result "1/2-1/2"]
[WhiteElo "2314"]
[BlackElo "2223"]
[PlyCount "85"]
[EventDate "1999.12.26"]
[EventType "swiss"]
[EventRounds "7"]
[EventCountry "AUT"]
[SourceTitle "CBM 073 Extra"]
[Source "ChessBase"]
[SourceDate "2000.01.11"]
[SourceVersion "1"]
[SourceVersionDate "2000.01.11"]
[SourceQuality "1"]

1. d4 d6 2. c4 Nf6 3. Nc3 g6 4. Nf3 Bg7 5. g3 O-O 6. Bg2 Nc6 7. O-O e5 8. d5
Ne7 9. c5 Ne8 10. cxd6 Nxd6 11. a4 c6 12. Bg5 h6 13. Bxe7 Qxe7 14. e4 Bd7 15.
Rc1 c5 16. Nd2 Rac8 17. b3 f5 18. exf5 gxf5 19. Nc4 b6 20. Re1 Rfe8 21. f3 Qf6
22. Kh1 Rcd8 23. Qc2 h5 24. Bh3 Nf7 25. Bg2 Nd6 26. Nxd6 Qxd6 27. Rcd1 a6 28.
Bf1 Bc8 29. Bc4 Kh8 30. Kg2 Qf6 31. Rd3 Rd6 32. Rde3 Bh6 33. f4 e4 34. Qe2 Qg6
35. Kh1 Bg7 36. Bxa6 Bxa6 37. Qxa6 Bd4 38. Nb5 Bxe3 39. Nxd6 Qxd6 40. Rxe3 Qxd5
41. Qe2 Qf7 42. Rc3 Kg7 43. Kg2 1/2-1/2

[Event "Donau op-A 08th"]
[Site "Aschach"]
[Date "1999.12.27"]
[Round "3"]
[White "Moser, Eva"]
[Black "Zoister, Stefan"]
[Result "1-0"]
[WhiteElo "2223"]
[BlackElo "2143"]
[PlyCount "51"]
[EventDate "1999.12.26"]
[EventType "swiss"]
[EventRounds "7"]
[EventCountry "AUT"]
[SourceTitle "CBM 073 Extra"]
[Source "ChessBase"]
[SourceDate "2000.01.11"]
[SourceVersion "1"]
[SourceVersionDate "2000.01.11"]
[SourceQuality "1"]

1. g3 Nf6 2. Bg2 d5 3. Nf3 g6 4. d3 Bg7 5. O-O c5 6. Nc3 Nc6 7. e4 O-O 8. h3 d4
9. Ne2 e5 10. Nd2 Nd7 11. f4 b5 12. Nf3 f6 13. h4 c4 14. f5 Nc5 15. g4 cxd3 16.
cxd3 Qb6 17. Ng3 b4 18. Ne1 b3 19. a3 Ba6 20. g5 Qb5 21. fxg6 hxg6 22. h5 fxg5
23. hxg6 Rxf1+ 24. Bxf1 Rf8 25. Nf5 Nxe4 26. a4 1-0

[Event "Donau op-A 08th"]
[Site "Aschach"]
[Date "1999.12.27"]
[Round "2"]
[White "Stanec, Nikolaus"]
[Black "Moser, Eva"]
[Result "1-0"]
[WhiteElo "2477"]
[BlackElo "2223"]
[PlyCount "61"]
[EventDate "1999.12.26"]
[EventType "swiss"]
[EventRounds "7"]
[EventCountry "AUT"]
[SourceTitle "CBM 073 Extra"]
[Source "ChessBase"]
[SourceDate "2000.01.11"]
[SourceVersion "1"]
[SourceVersionDate "2000.01.11"]
[SourceQuality "1"]

1. c4 Nc6 2. Nc3 d6 3. d4 e5 4. Nf3 Nf6 5. g3 Bg4 6. d5 Bxf3 7. exf3 Nd4 8. Bg2
Nf5 9. O-O Be7 10. f4 exf4 11. Bxf4 Qd7 12. Bh3 h5 13. Re1 Kf8 14. Nb5 a6 15.
Nxc7 Qxc7 16. Bxf5 Qxc4 17. Bg5 Ng8 18. b3 Qb4 19. Bd2 Qd4 20. Qe2 h4 21. Rac1
hxg3 22. hxg3 Qxd5 23. Be4 Qb5 24. Qxb5 axb5 25. Bxb7 Rb8 26. Bc6 Rh5 27. Bf4
b4 28. Red1 Rd8 29. Rd4 d5 30. Bc7 Rc8 31. Bb7 1-0

[Event "Donau op-A 08th"]
[Site "Aschach"]
[Date "1999.12.26"]
[Round "1"]
[White "Moser, Eva"]
[Black "Titz, Heimo"]
[Result "1-0"]
[WhiteElo "2223"]
[BlackElo "2310"]
[PlyCount "41"]
[EventDate "1999.12.26"]
[EventType "swiss"]
[EventRounds "7"]
[EventCountry "AUT"]
[SourceTitle "CBM 073 Extra"]
[Source "ChessBase"]
[SourceDate "2000.01.11"]
[SourceVersion "1"]
[SourceVersionDate "2000.01.11"]
[SourceQuality "1"]

1. e4 c5 2. b3 b6 3. Nc3 Bb7 4. Nf3 Nf6 5. e5 Nd5 6. Bb2 Nc7 7. Bc4 d5 8. exd6
exd6 9. O-O Be7 10. d4 O-O 11. dxc5 dxc5 12. Qe2 Bf6 13. Rad1 Qc8 14. Rd6 Qg4
15. Re1 Nc6 16. h3 Qc8 17. Rxf6 gxf6 18. Ne4 Ne8 19. Qe3 Qf5 20. Nh4 Qh5 21.
Qg3+ 1-0

[Event "AUT-chT2S 9900"]
[Site "Austria"]
[Date "1999.11.21"]
[Round "4.6"]
[White "Moser, Eva"]
[Black "Nickl, Klaus"]
[Result "1/2-1/2"]
[WhiteElo "2223"]
[BlackElo "2200"]
[PlyCount "48"]
[EventDate "1999.10.??"]
[EventType "team-tourn"]
[EventRounds "11"]
[EventCountry "AUT"]
[SourceTitle "EXT 2002"]
[Source "ChessBase"]
[SourceDate "2001.11.25"]
[SourceVersion "1"]
[SourceVersionDate "2001.11.25"]
[SourceQuality "1"]

1. e4 d5 2. exd5 Nf6 3. d4 Bg4 4. Be2 Bxe2 5. Qxe2 Qxd5 6. Nf3 e6 7. c4 Bb4+ 8.
Nc3 Qa5 9. Bd2 O-O 10. O-O Qf5 11. a3 Bd6 12. Nb5 a6 13. Nxd6 cxd6 14. Rfe1 Nc6
15. Rad1 b5 16. Bg5 bxc4 17. Bxf6 gxf6 18. Qxc4 Rfc8 19. Qe2 Ne7 20. Rd3 Ng6
21. g3 d5 22. Red1 Kh8 23. Ne1 Qg5 24. Ng2 f5 1/2-1/2

[Event "Wch U18 Girls"]
[Site "Oropesa del Mar"]
[Date "1999.11.05"]
[Round "11"]
[White "Moser, Eva"]
[Black "Buckley, Melanie"]
[Result "1-0"]
[WhiteElo "2223"]
[BlackElo "2075"]
[PlyCount "47"]
[EventDate "1999.10.24"]
[EventType "swiss"]
[EventRounds "11"]
[EventCountry "ESP"]
[SourceTitle "CBM 072 Extra"]
[Source "ChessBase"]
[SourceDate "1999.11.18"]
[SourceVersion "1"]
[SourceVersionDate "1999.11.18"]
[SourceQuality "1"]

1. e4 e6 2. d4 d5 3. Nc3 Bb4 4. a3 Bxc3+ 5. bxc3 dxe4 6. f3 exf3 7. Nxf3 Nf6 8.
Bd3 b6 9. O-O Bb7 10. Qe1 Nc6 11. Qg3 Qe7 12. Qxg7 Rg8 13. Qh6 Ng4 14. Qh5 Nf6
15. Qh3 Nd7 16. a4 O-O-O 17. Ba3 Qe8 18. Rad1 Nf6 19. Qh4 Nd5 20. c4 Nc3 21. d5
Na5 22. Be7 exd5 23. Bf6 Qxa4 24. Bxd8 1-0